000 003070000a22001450004500
003 MACL
040 _aMACL
090 _c6155
_d6154
100 _aKumari Brahmachrini
245 _aSvakriya Svarasamrita
260 _bBrahmacharini Kumari Chandan
350 _a35
650 _aReligion
942 _cBOOK
_k294
999 _c6107
_d6107